Angulos, medidas de superficie, área de figuras planas, combinatoria

Guardat en:
Dades bibliogràfiques
Autor principal: Delgado San Miguel, Miguel (Autor)
Format: Llibre
Idioma:espanyol
Publicat: San Sebastián Maspe 1990
Col·lecció:Matemágicas, 5.3
Matèries:
Etiquetes: Afegir etiqueta
Sense etiquetes, Sigues el primer a etiquetar aquest registre!

MARC

LEADER 00000nam a2200000 a 4500
001 UCO6626
003 CL-VaPUC
008 001027e19900000sp |||||||||||||||||spa|d
082 0 4 |a 372.7  |b DEL  |2 21 
100 0 |a Delgado San Miguel, Miguel  |e author  |9 451420 
245 1 0 |a Angulos, medidas de superficie, área de figuras planas, combinatoria 
300 |a 64 p 
942 |c BK 
945 |d 20001027 00:00:00  |a vberengu 
260 |a San Sebastián  |b Maspe  |c 1990 
650 0 |a Educación básica   |9 224933 
650 0 |a Matemáticas  |x Enseñanza  |9 875527 
650 0 |a Métodos de enseñanza  |9 270413 
583 |a last modification  |c 20171122 01:24:44  |k Rodrigo Vera 
490 0 |a Matemágicas, 5.3 
999 |c 292105  |d 292103 
952 |0 0  |1 0  |4 0  |6 372_700000000000000_DEL_1990  |7 0  |8 P  |9 342705  |a BIBEDU  |b BIBEDU  |c BIBEDU_PB  |d 2019-11-20  |i 3661482  |o 372.7 DEL 1990  |p 3661482  |r 2024-01-25  |w 2019-11-20  |y BK  |k BME